Follia Per Sette Clan

Сохранить в:
Библиографические подробности
Главный автор: Philip K.Dick
Формат:
Язык:неизвестный язык
Опубликовано: Fanucci
Метки: Добавить метку
Нет меток, Требуется 1-ая метка записи!

MARC

LEADER 00000nam a2200000Ia 4500
001 R-1735
003 CODICE-MESSINA
005 20260212102512.0
008 260211s9999 xx 000 0 und d
040 |c importazione_messina 
100 |a Philip K.Dick 
245 0 |a Follia Per Sette Clan 
260 |b Fanucci 
942 |2 ddc  |c BK 
952 |0 0  |1 0  |2 ddc  |4 0  |6 SCAFFALE_17_000000000000000__STANZA_2__LETTERATURA  |7 0  |9 32576  |a ME  |b ME  |d 2026-02-11  |l 0  |o SCAFFALE 17 - STANZA 2 - LETTERATURA  |p R-1735  |r 2026-02-11 23:53:16  |w 2026-02-11  |x [REVISIONARE]  |y BK 
999 |c 28243  |d 28243